000 00907nam a2200253 i 4500
001 bg
245 0 0 _aPienienie osadu czynnego, rozpoznanie zjawiska w krajowych oczyszczalniach ścieków i określenie przyczyn :
_bmonografia /
_cLiliana Kalisz [et al.] ; Instytut Ochrony Środowiska.
260 _aWarszawa
_bDział Wydawnictw IOŚ
_c2005
300 _a152 s. :
_brys., fot. kolor. ;
_c24 cm.
504 _aBibliogr.
650 9 _aOczyszczalnia ścieków biologiczna
_zPolska
650 9 _aOsad czynny
650 9 _aPiana
700 1 _aKalisz, Liliana.
020 _a8360312109
040 _cBPK
041 0 _apol
044 _aPOL
080 _a628.32
920 _a83-60312-10-9
942 _cKS
008 s pl f |000 0 pol
999 _c54211
_d54211
856 _uhttp://koha.tu.koszalin.pl/cgi-bin/koha/opac-detail.pl?biblionumber=54211
_yKatalog online BPK